Flagi Regionów Włoch - Statystyki

Ogólne statystyki
  • Ten quiz został rozwiązany 98 razy
  • Średni wynik to 9 z 20
Statystyki odpowiedzi
Obrazkowy Odpowiedź % Poprawnych
Sycylia
84%
Kalabria
79%
Sardynia
79%
Marche
72%
Wenecja Euganejska
67%
Molise
65%
Emilia-Romania
53%
Lacjum
53%
Lombardia
47%
Toskania
44%
Apulia
40%
Piemont
37%
Trydent-Górna Adyga
35%
Friuli-Wenecja Julijska
28%
Dolina Aosty
26%
Abruzja
23%
Umbria
19%
Basilicata
16%
Kampania
16%
Liguria
16%
Nie znaleziono quizów pasujących do podanych kryteriów
Rozkład punktacji
Procent ludzi z każdym wynikiem
Percentyl według liczby udzielonych odpowiedzi
Twoja historia wyników
Nie rozwiązałeś tego quizu